Quizzes
Events
Quiz Creation
Community
Videos
Private Events
Remove Ads
Sign In
Join for FREE
Feedback
Dark Mode
Quiz Categories
Sports
Geography
Music
Movies
Television
Just For Fun
Miscellaneous
History
Literature
Language
Science
Gaming
Entertainment
Religion
Holiday
For Kids
Quiz Lab
Recent
Popular Today
Quiz Kudos Today
Editor Picks
Curator Picks
Quizzes by...
Day
Popularity
Type
Ratings
Length
Year
Community
Subscriptions
Recent Discussions
Orange Saloon
Badges
Playlists
Quests
Create
Leaderboards
Showdown
Live 5
Trivia Bingo
Activity
Puzzle Library
Sporcle Events
Private Events
Virtual Trivia
Globe League
Become a Host
Pub Owners
SporcleCon
Opinionation
Our Games
Videos
Blog
Mobile Apps
Partnerships
Remove Ads and Go Orange
Feedback
Sports
Athletes
MLB
NBA
NHL
NFL
Soccer
Sports Teams
WWE
NCAA
Football
Premier League
Basketball
Baseball
Hockey
Golf
Tennis
Cricket
Rugby
Auto Racing
Olympics
World Cup
Sports
Athletes
MLB
NBA
NHL
NFL
Soccer
Sports Teams
WWE
NCAA
Football
Premier League
Basketball
Baseball
Hockey
Golf
Tennis
Cricket
Rugby
Auto Racing
Olympics
World Cup
Random Quiz
Search Sporcle
×
Quiz Lab
Quiz Lab
Sports
pittsburgh
Type in answers that appear in a list
Type in answers that appear in a list
Classic
Best Score? Go Orange.
Pirate save leaders Stats
Can you name the all-time save leaders for the Pittsburgh Pirates?
By
moose2438
10m
137 Questions
248 Plays
248 Plays
248 Plays
Comments
Comments
Give Quiz Kudos
Give Quiz Kudos
-
- Ratings
hide this ad
Replay
Link that replays current quiz
Next Quiz
Link to next quiz in quiz playlist
You Got
0%
They Got
Avg Score
29%
Avg Friend Score
Upgrade to see
Score Distribution
Jump to the score distribution portion of the page
Score
0/137
Timer
10:00
0
Plays Today
Saves
Name
% Correct
158
Kent Tekulve
94%
140
Mike Williams
87.5%
188
Elroy Face
83.9%
67
Matt Capps
78.2%
70
Jose Mesa
72.6%
36
Grant Jackson
70.6%
61
Stan Belinda
67.3%
133
Dave Giusti
66.5%
21
Octavio Dotel
65.3%
50
Jim Gott
64.9%
26
Rich Gossage
64.9%
28
Mike Gonzalez
64.5%
43
Don Robinson
63.3%
17
Jeff D. Robinson
63.3%
5
Bob Walk
60.5%
56
Bill Landrum
59.7%
16
John Candelaria
59.7%
39
Ramon Hernandez
57.7%
26
Enrique Romo
57.7%
20
Joel Hanrahan
57.7%
6
Bob Veale
55.6%
29
Salomon Torres
54.8%
10
Bob Friend
53.6%
6
Barry Jones
53.2%
13
Vern Law
52.8%
7
Bob Johnson
52.8%
6
Bruce Kison
52.8%
19
Bob Moose
52%
9
Luke Walker
52%
49
Rich Loiselle
50%
6
John Grabow
48.8%
34
Rod Scurry
46.8%
29
Mace Brown
46%
59
Al McBean
45.6%
6
Jim Rooker
45.6%
18
Ricardo Rincon
45.2%
15
Babe Adams
44.4%
17
Bob Patterson
44%
12
Francisco Cordova
42.3%
11
Bob Kipper
42.3%
20
Cecilio Guante
41.9%
14
Wilbur Cooper
41.9%
8
Rick White
41.5%
4
Evan Meek
41.5%
6
Bob Miller
40.3%
24
Dan Miceli
39.9%
Saves
Name
% Correct
11
Deacon Phillippe
37.9%
7
Mudcat Grant
37.1%
15
Rip Sewell
36.7%
7
Alejandro Pena
36.7%
14
John Ericks
35.9%
5
Scott Sauerbeck
34.7%
5
Damaso Marte
34.3%
11
Roger Mason
33.5%
13
Sam Leever
33.1%
7
Ted Power
33.1%
14
Ron Kline
32.7%
7
Larry Demery
32.7%
14
Dan Plesac
31%
8
Bruce Dal Canton
31%
16
Joe Gibbon
30.6%
13
Howie Camnitz
29.4%
6
Preacher Roe
29.4%
18
Waite Hoyt
29%
5
Ed Whitson
29%
10
Jason Christiansen
28.6%
6
Rosario Rodriguez
28.6%
6
Nellie King
28.2%
11
Chuck Hartenstein
27.4%
10
Ray Kremer
27.4%
4
John Smiley
27.4%
16
Pete Mikkelsen
27%
11
Julian Tavarez
27%
8
Mike Fetters
27%
14
Johnny Morrison
26.6%
18
Bill Swift
25%
5
Manny Sarmiento
25%
5
Burleigh Grimes
24.6%
11
Murry Dickson
24.2%
9
Juan Pizarro
23.8%
7
Lefty Leifield
23.4%
5
John Lamb
23.4%
4
Jose DeLeon
21.4%
4
Al Holland
21%
3
Jim Bibby
21%
4
Fred Green
20.6%
5
Jesse Tannehill
20.2%
8
Mark Dewey
19.4%
5
Mike Lincoln
19%
11
Clem Labine
18.5%
7
Diomedes Olivo
18.5%
6
Vicente Palacios
18.5%
Saves
Name
% Correct
4
Jim Winn
16.1%
4
Tommie Sisk
13.3%
4
Pat Clements
12.5%
8
Carmen Hill
11.7%
4
Jose Silva
11.3%
4
Billy O'Dell
10.5%
15
Kirby Higbe
8.1%
9
Bob Klinger
7.3%
4
Cy Blanton
7.3%
4
Bob Purkey
7.3%
7
Bill Harris
6.9%
9
Larry French
6.5%
16
Xavier Rescigno
6%
12
Johnny Hetki
6%
7
Earl Hamilton
5.6%
4
Mike Dyer
4.8%
5
Max Butcher
4%
16
Ted Wilks
3.2%
4
Don Schwall
2.8%
6
Bob Porterfield
2.4%
6
George McQuillan
2%
14
Bill Werle
1.6%
5
Claude Hendrix
1.6%
5
Erv Kantlehner
1.2%
4
Frank Carpin
1.2%
9
Don Gross
0.8%
4
Ron Blackburn
0.8%
11
Steve Swetonic
0.4%
6
Joe Bowman
0.4%
5
Russ Bauers
0.4%
4
Bob Harmon
0.4%
3
Jim Bagby
0.4%
10
Hal Carlson
0%
8
Glenn Spencer
0%
7
Johnny Lanning
0%
6
Hank Gornicki
0%
6
Vic Lombardi
0%
5
Hugh Casey
0%
5
Cookie Cuccurullo
0%
5
Nick Strincevich
0%
5
Jimmy Zinn
0%
4
Guy Bush
0%
4
Dutch Dietz
0%
4
Jack Ferry
0%
4
Ken Heintzelman
0%
Quiz Playlist
Details
Report
Send in Message
Add To Playlist
Classic:
Type in answers that appear in a list
Last Updated: Feb 16, 2017
Quiz Scoreboard
CHALLENGE
Sign Up to Join the Scoreboard
Show All
Scores
Hide
Comments
May contain spoilers
Recently Published
College Basketball Coaching Resumes
by pancakes188
Sports
9m
Billboard Blitz: Fleetwood Mac
by CooCooCachoo
Music
15s
Presidents Visiting Landmarks
by Hejman
History
7m
More to Explore
Quiz From the Vault
Featured Blog Post
Where Did the Easter Bunny Come From?
hide this ad
You Might Also Like...
Tags
pirate
pittsburgh
Pittsburgh Pirates
Save
Today's Top Quizzes in Sports
Browse Sports
hide this ad
Today's Top Quizzes in pittsburgh
Browse pittsburgh
Top Contributed Quizzes in Sports
1
Les meilleurs buteurs des matchs entre le PSG et l’OM
2
2022 World Cup Stars
3
FIFA Club World Cup Champions
4
Les entraîneurs de l'OM et du PSG au 21e siècle
5
Criteria MLB: Left Handed Sluggers
6
AFC Teams Reveal (Wrong Answers Minefield)
7
5-to-1: UK Sports Teams
8
Name the Premier League winners with different clubs
9
5-to-1: FBS Animal Nicknames
10
Players with Multiple 50 Home Run Seasons
Explore More
Trending Topics
NBA
Anime
Kpop
Crossword
Disney
Marvel
Harry Potter
Country
WWE
Pokémon
Puzzle
Soccer
The Office
Song
NFL
hide this ad
More By:
moose2438
Quiz
Plays
Rating
Category
Featured
Created
MLB team hits leaders since 1990
3,154
4.15
Sports
Feb 6, 2012
Pirate Hit Leaders
2,816
5.00
Sports
Feb 8, 2010
MLB players who hit home runs in 1998
2,802
3.87
Sports
Mar 2, 2012
Toronto Blue Jays common batting orders, 2000-2019
2,633
4.60
Sports
Dec 15, 2011
MLB players who hit home runs in 2001
2,193
4.42
Sports
Feb 13, 2012
Go to Creator's Profile
Score Distribution
Quiz Creator Spotlight
moose2438
Follow
Send a Message
Quizzes Created
-
Created Quiz Play Count
-
More By This Creator
Popular Quizzes Today
1
Find the US States - No Outlines Minefield
2
Find the Countries of Europe - No Outlines Minefield
3
The Countries of the World
4
Find the US States
5
Risky Map Clicking: Biggest States A-Z
6
US States
7
Popular People in 1961
8
Movies - When Are They Set?
More Sports Quizzes
2019 MLB All-Stars
Quiz Lab
Trending Quizzes
Risky Map Clicking: Least Populous States A-Z
1-10 Letter G Words
1-10 Letter F Words
Risky Map Clicking: Next State Alphabetically
Click the Washington State Counties! (Map)
Recently Updated
Leaping Animals
pecheneg
Reality TV Shows (A-Z)
bhenderson79
Rickey Henderson's Hall of Fame Teammates
pecheneg
Champions League XIs: Arsenal
pecheneg
Quick Pick: Celebrities in WWE's Hall of Fame
aduchscher
A-Z Keypad Blitz II
pecheneg
Multiple Oscar Actors
pecheneg
Mystery Phrase Blitz: Oscar 'Best Actors'
pecheneg
F. Scott Fitzgerald Novels
LTH
Pick 3 Villains
ddd62291
Trending Topics
Marvel
Anime
NBA
Disney
Crossword
Kpop
Harry Potter
WWE
Puzzle
The Office
Song
Pokémon
NFL
Soccer
Country
Your Account Isn't Verified!
In order to create a playlist on Sporcle, you need to verify the email address you used during registration. Go to your
Sporcle Settings
to finish the process.
Report this User
Report this user for behavior that violates our
Community Guidelines
.
Details:
Send Report
Go to the Sporcle.com Mobile Site →
Comments